| 000 | 00336nam a2200145Ia 4500 | ||
|---|---|---|---|
| 008 | 230312s9999||||xx |||||||||||||| ||und|| | ||
| 020 | _a1-4027-4756-4 | ||
| 082 |
_a646.34 _bHOR-C |
||
| 100 | _aHorowitz;Barbra | ||
| 245 | 0 | _aCloset Control | |
| 260 |
_bBarbra _aCanada _c2007 |
||
| 300 | _a208 | ||
| 650 | _aArchitecture | ||
| 942 | _cBK | ||
| 999 |
_c12021 _d12021 |
||